Normal view
MARC view
- Muhammad Furqan umer ASC Syn#15
Entry Personal Name
001 - CONTROL NUMBER
- control field: 50977
003 - CONTROL NUMBER IDENTIFIER
- control field: NUST
005 - DATE AND TIME OF LATEST TRANSACTION
- control field: 20210314134847.0
008 - FIXED-LENGTH DATA ELEMENTS
- fixed length control field: 210314|| aca||aabn | a|a d
040 ## - CATALOGING SOURCE
- Original cataloging agency: NUST
- Transcribing agency: NUST
100 ## - HEADING--PERSONAL NAME
- Personal name: Muhammad Furqan umer ASC Syn#15
670 ## - SOURCE DATA FOUND
- Source citation: Work cat.: (NUST): Muhammad Furqan umer ASC Syn#15, Application of titanium dioixide as a photocatalyst in concrete for air purification & self cleaning , 2016.
